• 首页
  • 本馆介绍
  • 公告通知
  • 最新文献
  • 馆藏检索
  • 电子资源
  • 读者导购
  • 参考咨询
  • 我的图书馆
  • 登录
  • 详细信息显示
  • 放入我的书架
  • 预约/预借图书
  • 作者相关作品
  • 分类相关作品
  • 丛书相关作品
  • 出版社相关作品

书目信息

  • 表格格式
  • 工作单格式
  • 卡片格式
题名:
黑面的人像摄影攻略
    
 
作者: 黑面 著
分册:  
出版信息: 北京   电子工业出版社  2009
页数: 176页
开本: 25cm
丛书名:
单 册:
中图分类: J413
科图分类:
主题词: 人像摄影--摄影艺术 , 人像摄影 , 摄影艺术
电子资源:
ISBN: 978-7-121-08479-9
000 00812nam0 2200253 45
001 1033067781
005 20100408172008.53
010    @a978-7-121-08479-9@dCNY59.00
100    @a20100401d2009 em y0chiy50 ea
101 0  @achi
102    @aCN@b110000
105    @aa z 000yy
106    @ar
200 1  @a黑面的人像摄影攻略@AHei Mian De Ren Xiang She Ying Gong Lue@f黑面著@FHei Mian Zhu
210    @a北京@c电子工业出版社@d2009
215    @a176页@c彩照@d25cm
330    @a本书介绍了作者的摄影经验,从拍照前的准备工作、如何用最少的经费打造一个室内摄影棚,到拍摄人像的诀窍、自然光与外闪的使用技巧等。
606 0  @a人像摄影@x摄影艺术
606 0  @a人像摄影
606 0  @a摄影艺术
690    @aJ413@v4
701  0 @a黑面@AHei Mian@4著
801  0 @aCN@bTANGWEI@c20100408
905    @b0588054-58@dJ413@e247@f5
    
    黑面的人像摄影攻略/黑面著.-北京:电子工业出版社,2009
    176页:彩照;25cm
    
    
    ISBN 978-7-121-08479-9:CNY59.00
    本书介绍了作者的摄影经验,从拍照前的准备工作、如何用最少的经费打造一个室内摄影棚,到拍摄人像的诀窍、自然光与外闪的使用技巧等。
●
相关链接 在E读中查询图书 在五车中查询图书 在当当中查询图书 在豆瓣中查询图书


正题名:黑面的人像摄影攻略     索取号:J413/247         预约/预借

序号 登录号 条形码 馆藏地/架位号 状态 备注
1 0588054   205880545   第一样本阅览室/ [索取号:J413/247] 在馆    
2 0588055   205880554   第一借阅区/ [索取号:J413/247] 在馆    
3 0588056   205880563   第一借阅区/ [索取号:J413/247] 在馆    
4 0588057   205880572   第一借阅区/ [索取号:J413/247] 在馆    
5 0588058   205880581   第一借阅区/ [索取号:J413/247] 在馆    
唐山师范学院图书馆 欢迎您!
大连网信软件有限公司© 版权所有